Die hygienische Bedeutung des Trinkwassers ...

Bibliographic Details
Main Author: Bugél, Edmund (Author)
Format: Book
Language:Undetermined
PhysicalDescription:60 s.
Published: Pressburg Druck von Carl Angermayer 1881
Edition:1. vyd.

MARC

LEADER 00000nam a2200000 a 4500
001 vtls001465959
003 SK-MaSNL
005 20260302073250.0
008 240314s1881 xx 0 und
035 |a SNK000421264 
040 |a SNK  |b slo  |c SNK  |e AACR2 
041 0 |a und 
044 |a xx 
100 1 |a Bugél, Edmund  |4 aut  |9 640037 
245 1 4 |a Die hygienische Bedeutung des Trinkwassers ... 
250 |a 1. vyd. 
260 |a Pressburg  |b Druck von Carl Angermayer  |c 1881 
300 |a 60 s. 
958 |a ONDV 
999 |c 1160144  |d 1162074 
952 |t P60, <04>, [BOOK], {604}  |a SNK  |b SNK  |y VYP  |7 0  |p 17A0409013  |o snkSC 3236/8 D1  |i snkKSF 5786/57  |0 0  |1 0  |4 0  |d 2004-01-12  |l 0  |r 2005-01-02 00:00:00  |w 2026-02-24 
952 |t P60, <04>, [BOOK], {604}  |a SNK  |b SNK  |y VYP  |7 0  |p 17A0409101  |o snkSC 3236/8 D2  |i snkF 1906/65  |0 0  |1 0  |4 0  |d 2004-01-12  |l 0  |r 2005-01-02 00:00:00  |w 2026-02-24 
952 |a SNK  |b SNK  |y PREZ  |7 0  |p 17A0756661  |o snkSC 3236/8  |i snk3031/44  |0 0  |1 0  |4 0  |d 2011-11-29  |l 0  |r 2025-06-25 00:00:00  |w 2026-02-24